MyGZULibrary

New Oxford textbook of psychiatry / (Record no. 10695)

MARC details
000 -LEADER
fixed length control field 02002cam a2200349 a 4500
001 - CONTROL NUMBER
control field 16933008
003 - CONTROL NUMBER IDENTIFIER
control field GZU
005 - DATE AND TIME OF LATEST TRANSACTION
control field 20220831160957.0
008 - FIXED-LENGTH DATA ELEMENTS--GENERAL INFORMATION
fixed length control field 110824s2012 enka b 001 0 eng
010 ## - LIBRARY OF CONGRESS CONTROL NUMBER
LC control number 2011937326
020 ## - INTERNATIONAL STANDARD BOOK NUMBER
International Standard Book Number 9780199696758 (set)
020 ## - INTERNATIONAL STANDARD BOOK NUMBER
International Standard Book Number 9780199696765 (v. 1)
020 ## - INTERNATIONAL STANDARD BOOK NUMBER
International Standard Book Number 9780199696772 (v. 2)
022 ## - INTERNATIONAL STANDARD SERIAL NUMBER
International Standard Serial Number 9780199696765
040 ## - CATALOGING SOURCE
Original cataloging agency DLC
Transcribing agency DLC
Modifying agency DLC
042 ## - AUTHENTICATION CODE
Authentication code pcc
050 00 - LIBRARY OF CONGRESS CALL NUMBER
Classification number RC454
Item number .NEW 2012
245 00 - TITLE STATEMENT
Title New Oxford textbook of psychiatry /
Statement of responsibility, etc. edited by Michael G. Gelder, Nancy C. Andreasen, Juan J. Lopez-Ibor jr. and John R. Geddes
250 ## - EDITION STATEMENT
Edition statement Second edition.
260 ## - PUBLICATION, DISTRIBUTION, ETC.
Place of publication, distribution, etc. Oxford ;
-- New York :
Name of publisher, distributor, etc. Oxford University Press,
Date of publication, distribution, etc. 2012.
300 ## - PHYSICAL DESCRIPTION
Extent 2 v. (xxx, 2021 p.) :
Other physical details ill. (some col.) ;
Dimensions 29 cm.
500 ## - GENERAL NOTE
General note Previous edition: 2000
504 ## - BIBLIOGRAPHY, ETC. NOTE
Bibliography, etc. note Includes bibliographical references and index.
505 0# - FORMATTED CONTENTS NOTE
Formatted contents note V. 1.: 1. The Subject Matter of and Approach to Psychiatry ; 2. The Scientific Basis of Psychiatric Aetiology ; 3. Psychodynamic Contributions to Psychiatry ; 4. Clinical Syndromes of Adult Psychiatry -- v. 2.: 5. Psychiatry and medicine ; 6. Treatment methods in psychiatry ; 7. Social psychiatry and service provision ; 8. The psychiatry of old age ; 9. Child and adolescent psychiatry ; 10. Intellectural disability (mental retardation) ; 11. Forensic psychiatry.
520 ## - SUMMARY, ETC.
Summary, etc. The 'New Oxford Textbook of Psychiatry' is one of the leading reference works in this field. Bringing together over 200 chapters from the leading figures in the discipline, it presents a comprehensive account of clinical psychiatry, with reference to its scientific basis and to the patient's perspective throughout.
650 #0 - SUBJECT ADDED ENTRY--TOPICAL TERM
Topical term or geographic name entry element Psychiatry.
700 1# - ADDED ENTRY--PERSONAL NAME
Personal name Gelder, Michael G.
Relator term editor
906 ## - LOCAL DATA ELEMENT F, LDF (RLIN)
a 7
b cbc
c origcop
d 2
e epcn
f 20
g y-gencatlg
942 ## - ADDED ENTRY ELEMENTS (KOHA)
Source of classification or shelving scheme Library of Congress Classification
Koha item type Books
Edition Second edition
Classification part 454
Item part NEW
Call number prefix RC
Holdings
Withdrawn status Lost status Source of classification or shelving scheme Damaged status Not for loan Collection code Home library Current library Shelving location Date acquired Source of acquisition Total Checkouts Full call number Barcode Date last seen Copy number Price effective from Koha item type
    Library of Congress Classification     Non-fiction Medical Library Medical Library General Stacks 08/31/2022 Book Aid International   RC454 NEW 2012 032535 08/31/2022 c. 1 08/31/2022 Books